Manuel de gestion des ressources humaines dans la fonction publique hospitaliére (Record no. 51594)

MARC details
000 -LEADER
fixed length control field 00551nam a22001577a 4500
008 - FIXED-LENGTH DATA ELEMENTS--GENERAL INFORMATION
fixed length control field 130626t xxu||||| |||| 00| 0 eng d
020 ## - INTERNATIONAL STANDARD BOOK NUMBER
International Standard Book Number 2-85952-912-8
040 ## - CATALOGING SOURCE
Original cataloging agency BUAC
Transcribing agency CDIRSP
041 ## - LANGUAGE CODE
Language code of text/sound track or separate title Fr
100 ## - MAIN ENTRY--PERSONAL NAME
Personal name Derenne O, Lcucas A , Barthes R
9 (RLIN) 24846
245 ## - TITLE STATEMENT
Title Manuel de gestion des ressources humaines dans la fonction publique hospitaliére
Remainder of title ; le développement des ressources humaines
Statement of responsibility, etc / O DERENNE , A LUCAS , R BARTHES, et al
250 ## - EDITION STATEMENT
Edition statement 2 è Ed.
260 ## - PUBLICATION, DISTRIBUTION, ETC. (IMPRINT)
Place of publication, distribution, etc Rennes :
Name of publisher, distributor, etc Editions ENSP,
Date of publication, distribution, etc 2005
300 ## - PHYSICAL DESCRIPTION
Extent 444 p.
942 ## - ADDED ENTRY ELEMENTS (KOHA)
Item type Livre
Holdings
Withdrawn status Lost status Damaged status Not for loan Location (home branch) Sublocation or collection (holding branch) Date acquired Source of acquisition Koha issues (times borrowed) Piece designation (barcode) Koha date last seen Copy number Price effective from Koha item type Public note
        Centre de Documentation et d'Information de l'Institut Regional Santé Publique Centre de Documentation et d'Information de l'Institut Regional Santé Publique 26/06/2013 Achat   6021CDIRSP 26/06/2013 1 26/06/2013 Livre Prêt
        Centre de Documentation et d'Information de l'Institut Regional Santé Publique Centre de Documentation et d'Information de l'Institut Regional Santé Publique 26/06/2013 Achat   6022CDIRSP 26/06/2013 26/06/2013 Livre Exclu du prêt


© 2008, Bibliothèques de l'Université d'Abomey-Calavi

04 BP 789 Cotonou, Tél. : +229 21 36 01 01, Fax : +229 21 35 06 32

Courriel : bu@bu.uac.bj